000 00538nam a2200145Ia 4500
008 100204s9999 xx 000 0 und d
082 _b8361
100 _aलिमये अरुण व मेहता उषा
245 _aलाखमोलाचा जीव
260 _b"ग्रंथाली वाचक चळवळ , मुंबई - कुर्ला"
_c1986
300 _a300
630 _aलाखमोलाचा जीव
730 _aलाखमोलाचा जीव
942 _cBOOK
999 _c452797
_d452794